Textbook of biochemistry (Record no. 394560)

MARC details
000 -LEADER
fixed length control field 00505 a2200205 4500
005 - DATE & TIME
control field 20260220123041.0
008 - FIXED-LENGTH DATA ELEMENTS--GENERAL INFORMATION
fixed length control field 260220b |||||||| |||| 00| 0 eng d
020 ## - ISBN
International Standard Book Number 9789392417955
Price Rs. 2000.00
040 ## - CATALOGING SOURCE
Original cataloging agency VIVEKANANDA LIBRARY
082 ## - DDC NUMBER
Classification number 574.192
Book Number P67T
100 ## - MAIN ENTRY--PERSONAL NAME
Personal name Pise, Mashitha
245 ## - TITLE STATEMENT
Title Textbook of biochemistry
260 ## - PUBLICATION, DISTRIBUTION, ETC. (IMPRINT)
Name of publisher, distributor, etc Shubham Publications
Date of publication, distribution, etc 2024
Place of publication, distribution, etc Kanpur
300 ## - PHYSICAL DESCRIPTION
Pages 262
650 ## - Subject
Subject Molecular Biology
650 ## - Subject
Subject Metabolism
650 ## - Subject
Subject Enzymes
650 ## - Subject
Subject Proteins
942 ## - ADDED ENTRY ELEMENTS (KOHA)
Koha item type Books
Holdings
Withdrawn status Lost status Source of classification or shelving scheme Damaged status Not for loan Location (home branch) Sublocation or collection (holding branch) Shelving location Date acquired Koha issues (times borrowed) Koha full call number Accession No. Koha date last seen Koha item type
    Dewey Decimal Classification     VIVEKANANDA LIBRARY VIVEKANANDA LIBRARY Vivekananda Library 03/02/2026   574.192 P67T 438070 03/02/2026 Books
    Dewey Decimal Classification     VIVEKANANDA LIBRARY VIVEKANANDA LIBRARY Vivekananda Library 03/02/2026   574.192 P67T 438071 03/02/2026 Books
© Designed and Maintained by Vivekananda Library, MDU Rohtak